[Event "POR-chT Districts"]
[Site "Pombal"]
[Date "2015.07.05"]
[Round "3.4"]
[White "Bray, Jose Manuel"]
[Black "Silva, Rui Jorge Sampaio"]
[Result "0-1"]
[WhiteElo "1868"]
[BlackElo "2009"]
[PlyCount "70"]
[EventDate "2015.07.04"]
[EventType "team-swiss"]
[EventRounds "4"]
[EventCountry "POR"]
[SourceTitle "EXT 2018"]
[Source "ChessBase"]
[SourceDate "2017.10.13"]
[SourceVersion "1"]
[SourceVersionDate "2017.10.13"]
[SourceQuality "1"]
[WhiteTeam "Leiria"]
[BlackTeam "Acores"]
[WhiteTeamCountry "POR"]
[BlackTeamCountry "POR"]

1. e4 e5 2. Nf3 Nc6 3. Bb5 a6 4. Ba4 Nf6 5. 0-0 Be7 6. Re1 b5 7. Bb3 d6 8. c3 0-0 9. h3 Nb8 10. d4 Nbd7 11. Bg5 Bb7 12. Nbd2 c5 13. d5 c4 14. Bc2 Nxd5 15. exd5 Bxg5 16. Ne4 Be7 17. Qd2 Nf6 18. Nxf6+ Bxf6 19. Rad1 g6 20. Re4 Bc8 21. Ree1 Ra7 22. Qe2 Rc7 23. Nd2 Bg7 24. Rf1 Bb7 25. Nb1 f5 26. b4 e4 27. Qe3 Re7 28. g3 f4 29. Qe2 Qd7 30. g4 h5 31. Kh2 f3 32. Qe3 Be5+ 33. Kh1 Bf4 34. Qd4 hxg4 35. Bxe4 Rh7 0-1

[Event "POR-ch prel"]
[Site "Matosinhos"]
[Date "2012.08.06"]
[Round "3.2"]
[White "Silva, Rui Jorge Sampaio"]
[Black "Silva, Luis Neves Da"]
[Result "0-1"]
[WhiteElo "2041"]
[BlackElo "2115"]
[PlyCount "74"]
[EventDate "2012.08.04"]
[EventType "swiss"]
[EventRounds "9"]
[EventCountry "POR"]
[SourceTitle "EXT 2015"]
[Source "ChessBase"]
[SourceDate "2014.11.20"]
[SourceVersion "1"]
[SourceVersionDate "2014.11.20"]
[SourceQuality "1"]

1. d4 Nf6 2. Nf3 g6 3. Bf4 Bg7 4. e3 d6 5. Be2 0-0 6. h3 Nfd7 7. c4 Nc6 8. Nc3 e5 9. Bh2 f5 10. 0-0 g5 11. dxe5 dxe5 12. Qd5+ Kh8 13. Rad1 h6 14. Rfe1 f4 15. exf4 exf4 16. Bf1 Qf6 17. Nb5 Nb6 18. Qd2 Qf7 19. b3 Bf5 20. Qc1 Rad8 21. c5 Nc8 22. Bc4 Qh5 23. Nxc7 Bxh3 24. Ne6 Bxe6 25. Bxe6 g4 26. Rxd8 Rxd8 27. Bxg4 Qxg4 28. Bxf4 Rf8 29. Bg3 N8e7 30. Kf1 Nf5 31. Bd6 Rd8 32. Qc2 Qg6 33. Qe4 Kh7 34. Bf4 Bc3 35. Re2 Rd1+ 36. Ne1 Bxe1 37. Rxe1 Ng3+ 0-1

[Event "POR-ch prel"]
[Site "Matosinhos"]
[Date "2012.08.04"]
[Round "1.12"]
[White "Teles, Paulo Sergio"]
[Black "Silva, Rui Jorge Sampaio"]
[Result "0-1"]
[WhiteElo "1707"]
[BlackElo "2041"]
[PlyCount "124"]
[EventDate "2012.08.04"]
[EventType "swiss"]
[EventRounds "9"]
[EventCountry "POR"]
[SourceTitle "EXT 2015"]
[Source "ChessBase"]
[SourceDate "2014.11.20"]
[SourceVersion "1"]
[SourceVersionDate "2014.11.20"]
[SourceQuality "1"]

1. d4 Nf6 2. c4 e6 3. Nc3 Bb4 4. Nf3 b6 5. e3 Bb7 6. Bd3 Ne4 7. Bxe4 Bxe4 8. 0-0 Bxc3 9. bxc3 0-0 10. Ba3 Re8 11. c5 Qf6 12. cxb6 axb6 13. Bb2 Bxf3 14. Qxf3 Qxf3 15. gxf3 d5 16. Rfc1 b5 17. Rc2 Nc6 18. Bc1 Na5 19. Rb1 c6 20. Ba3 Nc4 21. Bb4 Na3 22. Bxa3 Rxa3 23. Rb3 Ra4 24. Rb4 Ra7 25. Kg2 Rea8 26. Rbb2 g5 27. Kg3 Kg7 28. f4 h6 29. fxg5 hxg5 30. f4 f6 31. fxg5 fxg5 32. Kg4 Kg6 33. Re2 Rh8 34. h3 Rh4+ 35. Kg3 Re4 36. Rb1 Kf6 37. Rf1+ Ke7 38. Rh1 Ra3 39. Rc1 Kd6 40. Kf3 c5 41. Rg2 cxd4 42. exd4 Rxd4 43. Rxg5 Rd3+ 44. Kg4 Rdxc3 45. Rxc3 Rxc3 46. h4 Rc4+ 47. Kg3 e5 48. h5 Rc7 49. Rg6+ Kc5 50. Kf3 Rf7+ 51. Ke3 Rf5 52. h6 Rh5 53. Kf3 e4+ 54. Kg4 Rh1 55. Kf4 Kd4 56. Rb6 e3 57. Kf3 Kd3 58. Rxb5 Rf1+ 59. Kg2 e2 60. h7 e1Q 61. Rxd5+ Kc4 62. Rd4+ Kc5 0-1